| 000 | 01626nam0a2200301 4500 | ||
|---|---|---|---|
| 001 | rc\2195953 | ||
| 005 | 20260407082732.0 | ||
| 035 | _a(NLR Aleph) 006613850 | ||
| 090 |
_a7377529 _c7377529 |
||
| 100 | _a20110829d1978 |||y0rusy50 ca | ||
| 101 | 0 | _arus | |
| 102 | _aRU | ||
| 105 | _aa z 000zy | ||
| 181 | 0 |
_ai _baxxe |
|
| 182 | 0 | _an | |
| 200 | 1 |
_aМетодическое руководство по проведению геохимических поисков медно-никелевых месторождений на севере Красноярского края _fНаучно-исследовательский институт геологии Арктики Министерства геологии СССР _gнаучный редактор: М. Г. Равич |
|
| 203 |
_aТекст _bвизуальный _cнепосредственный |
||
| 210 |
_aЛенинград _c[б. и.] _d1978 |
||
| 215 |
_a61 с., [4] л. ил. _cил. _d20 |
||
| 320 | _aБиблиогр.: с. 58-61 (37 назв.) | ||
| 606 | 1 |
_aМедно-никелевые руды _xМесторождения _xРазведки _xГеохимические методы _yКрасноярский край _91559088 _3RU\NLR\AUTH\66681745 |
|
| 686 | 1 | _aД451.33-551(2Р54-4Кра) | |
| 702 | 1 |
_4340 _7ca _8rus _aРавич _bМ. Г. _f1912-1978 _gМихаил Григорьевич _9271567 _3RU\NLR\AUTH\770271623 |
|
| 712 | 0 | 2 |
_4570 _aНИИ геологии Арктики _cЛенинград _3RU\NLR\AUTH\888844 _9290180 |
| 942 | _cBOOK | ||
| 980 | _aNB | ||